|
|
|
|
| LEADER |
00000nam a2200000 a 4500 |
| 001 |
vtls001096377 |
| 003 |
SK-MaSNL |
| 005 |
20260301233120.0 |
| 008 |
250414s1985 xo 0 slo |
| 015 |
|
|
|a SNBA1985/12
|
| 035 |
|
|
|a SNK000039219
|
| 040 |
|
|
|a SNK
|b slo
|c SNK
|e AACR2
|
| 041 |
0 |
|
|a slo
|
| 044 |
|
|
|a xo
|c SK
|
| 080 |
|
|
|a 338.48(075.3)
|2 1981
|
| 100 |
1 |
|
|a Poláček, Michal
|4 aut
|9 279781
|
| 245 |
1 |
0 |
|a Ekonomika cestovného ruchu pre 1. ročník stredných ekonomických škôl,
|b študijný odbor cestovný ruch
|c Michal Poláček, Eva Bušniaková, Marián Gúčik ; Marian Gúčik
|
| 250 |
|
|
|a 3. vyd.
|
| 260 |
|
|
|a Bratislava
|b Slovenské pedagogické nakladateľstvo
|c 1985
|e Bratislava
|f Svornosť
|
| 300 |
|
|
|a 249 s., 16,70 AH
|b 1 tb. príl.
|c 21 cm
|
| 366 |
|
|
|e 1850 výtl.
|
| 500 |
|
|
|a Schválilo MŠ SSR.
|
| 700 |
1 |
|
|a Bušniaková, Eva
|4 aut
|9 627431
|
| 700 |
1 |
|
|a Gúčik, Marian,
|d 1945-
|4 aut
|9 198205
|
| 852 |
|
|
|a Slovenská národná knižnica
|
| 958 |
|
|
|a OND
|
| 958 |
|
|
|a UC
|
| 958 |
|
|
|a TL
|
| 999 |
|
|
|c 964591
|d 966521
|
| 952 |
|
|
|t P60, <04>, [BOOK], {604}
|a SNK
|b SNK
|y VYP
|7 0
|p 17A0098783
|o snkSC 64145 D1
|0 0
|1 0
|4 0
|d 1997-09-29
|l 0
|r 2004-12-31 00:00:00
|w 2026-02-24
|
| 952 |
|
|
|a SNK
|b SNK
|y PREZ
|7 0
|p 17A0918382
|o snkSC 64145
|0 0
|1 0
|4 0
|d 2012-08-07
|l 0
|r 2025-07-02 00:00:00
|w 2026-02-24
|